000 01150 am a2200277 a 4500
005 20240223091550.0
008 100630s2001||||ag # f 001 0 spa d
020 _a9508921323
041 _aspa
092 _c614.072
_l95
_sWAG
100 1 _aWagner de Sousa Campos, Gastão.
_91117
245 _aGestión en salud.
_bEn defensa de la vida /
_cGastão Wagner de Sousa Campos.
250 _a1a ed.
_bTraducción Asia Selvín Testa.
260 _aBuenos Aires:
_bLugar Editorial;
_c2001.
300 _a253 p.
500 _aWagner de Sousa Campos, G. (2001). Gestión en salud. En defensa de la vida. (1a ed.). Buenos Aires : Lugar Editorial.
590 _aDonación Editorial Lugar, Nov. 2005
653 _aEtica y trabajadores de la salud
653 _aClínica reformulada y ampliada
653 _aSubjetividad y administración del personal: consideraciones sobre el trabajo en los equipos de salud
653 _aEquipo de referencia y apoyo especializado matricial
653 _aSalud pública y salud colectiva
653 _aCoproducción de sujetos y de grupos colectivos: la función PAIDEIA
930 _a1364
942 _2ddc
_cBK
999 _c453
_d453